[Event "Winnipeg TNT February op"]
[Site "Winnipeg"]
[Date "2010.02.23"]
[Round "4"]
[White "Van Wyk, Joseph"]
[Black "Rutter, Blair A"]
[Result "1-0"]
[WhiteElo "2061"]
[BlackElo "1883"]
[PlyCount "55"]
[EventDate "2010.02.02"]
[EventType "swiss"]
[EventRounds "4"]
[EventCountry "CAN"]
[SourceTitle "EXT 2011"]
[Source "ChessBase"]
[SourceDate "2010.11.26"]
[SourceVersion "1"]
[SourceVersionDate "2010.11.26"]
[SourceQuality "1"]

1. e4 e6 2. c4 c5 3. Nc3 Nc6 4. Nf3 d6 5. d4 cxd4 6. Nxd4 Nf6 7. Be2 e5 8. Ndb5 a6 9. Na3 Be7 10. 0-0 0-0 11. Be3 Be6 12. f4 exf4 13. Rxf4 Ne5 14. Nc2 Bxc4 15. Nd4 Bxe2 16. Qxe2 Rc8 17. Rd1 Nc4 18. Bf2 Re8 19. Nf5 Bf8 20. Kh1 Qa5 21. Bh4 Qe5 22. Rdf1 Nxb2 23. Nh6+ gxh6 24. Bxf6 Qxf6 25. Rxf6 Bg7 26. Rxf7 Rc5 27. Rxg7+ Kxg7 28. Qxb2 1-0

[Event "Winnipeg TNT September op"]
[Site "Winnipeg"]
[Date "2008.09.30"]
[Round "5"]
[White "Van Wyk, Joseph"]
[Black "Bince, Rolando"]
[Result "1-0"]
[WhiteElo "2058"]
[BlackElo "1911"]
[PlyCount "51"]
[EventDate "2008.09.02"]
[EventType "swiss"]
[EventRounds "5"]
[EventCountry "CAN"]
[SourceTitle "EXT 2011"]
[Source "ChessBase"]
[SourceDate "2010.11.26"]
[SourceVersion "1"]
[SourceVersionDate "2010.11.26"]
[SourceQuality "1"]

1. e4 e6 2. c4 c5 3. Nc3 Nc6 4. Nf3 g6 5. d4 cxd4 6. Nxd4 Bg7 7. Be3 a6 8. Be2 Nxd4 9. Bxd4 Nf6 10. e5 Ng8 11. Ne4 Ne7 12. Nd6+ Kf8 13. 0-0 Qc7 14. Qb3 Nc6 15. Qf3 Nd8 16. Bd3 Bh6 17. Qh3 Kg7 18. f4 Nc6 19. Bc3 Rf8 20. g4 Qd8 21. Ne4 d5 22. Nf6 d4 23. g5 Qxf6 24. gxf6+ Kh8 25. Qxh6 Rg8 26. Rf3 1-0

[Event "Winnipeg TNT September op"]
[Site "Winnipeg"]
[Date "2008.09.09"]
[Round "2"]
[White "Van Wyk, Joseph"]
[Black "Khedkar, Jay S"]
[Result "1/2-1/2"]
[WhiteElo "2058"]
[BlackElo "1914"]
[PlyCount "42"]
[EventDate "2008.09.02"]
[EventType "swiss"]
[EventRounds "5"]
[EventCountry "CAN"]
[SourceTitle "EXT 2011"]
[Source "ChessBase"]
[SourceDate "2010.11.26"]
[SourceVersion "1"]
[SourceVersionDate "2010.11.26"]
[SourceQuality "1"]

1. e4 g6 2. f4 Bg7 3. Nf3 d6 4. Bc4 c5 5. 0-0 Nf6 6. c3 0-0 7. e5 dxe5 8. fxe5 Nd5 9. d4 cxd4 10. cxd4 Nc6 11. Nc3 Nb6 12. Bb3 Bg4 13. Be3 Na5 14. Bc2 Nac4 15. Bc1 Rc8 16. h3 Bxf3 17. Rxf3 Nd5 18. Bb3 e6 19. Ne4 Qb6 20. Kh1 f5 21. Nc3 Rfd8 1/2-1/2

[Event "Winnipeg TNT September op"]
[Site "Winnipeg"]
[Date "2008.09.02"]
[Round "1"]
[White "Magnusson, Saul"]
[Black "Van Wyk, Joseph"]
[Result "0-1"]
[WhiteElo "1447"]
[BlackElo "2058"]
[PlyCount "40"]
[EventDate "2008.09.02"]
[EventType "swiss"]
[EventRounds "5"]
[EventCountry "CAN"]
[SourceTitle "EXT 2011"]
[Source "ChessBase"]
[SourceDate "2010.11.26"]
[SourceVersion "1"]
[SourceVersionDate "2010.11.26"]
[SourceQuality "1"]

1. e4 c6 2. c4 d5 3. exd5 cxd5 4. cxd5 Nf6 5. Nf3 Nxd5 6. d4 Nc6 7. Bb5 Qa5+ 8. Nc3 Nxc3 9. Bd2 Nxd1 10. Bxa5 Nxb2 11. Ne5 Bd7 12. Bxc6 bxc6 13. Rb1 Na4 14. Rb7 Be6 15. 0-0 Bd5 16. Rd7 f6 17. Rb1 fxe5 18. Rbb7 exd4 19. Bb4 d3 20. Rbc7 Nb6 0-1

[Event "Winnipeg TNT July op"]
[Site "Winnipeg"]
[Date "2008.07.29"]
[Round "4"]
[White "Van Wyk, Joseph"]
[Black "Lauritson, Jim"]
[Result "1-0"]
[WhiteElo "2040"]
[BlackElo "1969"]
[PlyCount "43"]
[EventDate "2008.07.08"]
[EventType "swiss"]
[EventRounds "4"]
[EventCountry "CAN"]
[SourceTitle "EXT 2011"]
[Source "ChessBase"]
[SourceDate "2010.11.26"]
[SourceVersion "1"]
[SourceVersionDate "2010.11.26"]
[SourceQuality "1"]

1. e4 c5 2. c3 Nf6 3. e5 Nd5 4. d4 cxd4 5. cxd4 d6 6. f4 e6 7. Nf3 Be7 8. Nc3 Nxc3 9. bxc3 Qc7 10. Bd2 b6 11. Bd3 0-0 12. Qe2 Nc6 13. 0-0 Bd7 14. Rac1 f6 15. Qe4 f5 16. Qe2 Rad8 17. Be1 d5 18. c4 dxc4 19. Bxc4 b5 20. Bxb5 Nxd4 21. Rxc7 Nxe2+ 22. Bxe2 1-0

[Event "Winnipeg TNT July op"]
[Site "Winnipeg"]
[Date "2008.07.22"]
[Round "3"]
[White "Swift, Ryne"]
[Black "Van Wyk, Joseph"]
[Result "0-1"]
[WhiteElo "1331"]
[BlackElo "2040"]
[PlyCount "89"]
[EventDate "2008.07.08"]
[EventType "swiss"]
[EventRounds "4"]
[EventCountry "CAN"]
[SourceTitle "EXT 2011"]
[Source "ChessBase"]
[SourceDate "2010.11.26"]
[SourceVersion "1"]
[SourceVersionDate "2010.11.26"]
[SourceQuality "1"]

1. e4 c6 2. d4 d5 3. Nc3 dxe4 4. Nxe4 Bf5 5. Ng3 Bg6 6. Nf3 e6 7. Bc4 Nd7 8. 0-0 Bd6 9. c3 Qc7 10. Bd2 Ngf6 11. Re1 0-0-0 12. b4 e5 13. dxe5 Nxe5 14. Nxe5 Bxe5 15. Qc1 h5 16. f4 Bd6 17. h3 h4 18. Ne2 Rhe8 19. Be3 Nh5 20. Rf1 Qe7 21. f5 Bh7 22. Bg5 Nf6 23. Bxh4 Qe4 24. Nd4 Qxh4 25. Bxf7 Re4 26. Rf3 Bg8 27. Bb3 Bg3 28. Qa3 Bb8 29. b5 Re1+ 30. Rf1 Rxa1 31. Rxa1 Rxd4 32. Be6+ Bxe6 33. fxe6 Rd2 34. Qf8+ Kc7 35. Qxg7+ Kb6 36. Rf1 Qg3 37. Qxg3 Bxg3 38. Rxf6 Kxb5 39. Kf1 Rxa2 40. Rf5+ Kc4 41. h4 Ra1+ 42. Ke2 Re1+ 43. Kf3 Rf1+ 44. Kg4 Rxf5 45. Kxf5 0-1

[Event "Winnipeg Grand Prix Finals ABCD"]
[Site "Winnipeg"]
[Date "2007.12.11"]
[Round "4"]
[White "Van Wyk, Joseph"]
[Black "Lauritson, Jim"]
[Result "0-1"]
[WhiteElo "2006"]
[BlackElo "1947"]
[PlyCount "77"]
[EventDate "2007.11.06"]
[EventType "swiss"]
[EventRounds "6"]
[EventCountry "CAN"]
[SourceTitle "EXT 2022"]
[Source "ChessBase"]
[SourceDate "2021.10.06"]
[SourceVersion "1"]
[SourceVersionDate "2021.10.06"]
[SourceQuality "1"]

1. e4 c5 2. c3 Nf6 3. e5 Nd5 4. d4 cxd4 5. cxd4 e6 6. Nc3 Nxc3 7. bxc3 Qc7 8. Bd2 b6 9. f4 Bb7 10. Nf3 Be7 11. Bd3 d6 12. 0-0 Nd7 13. exd6 Qxd6 14. f5 0-0 15. fxe6 Qxe6 16. Qc2 g6 17. Rae1 Qd6 18. Bh6 Rfe8 19. Qe2 Nf6 20. Ne5 Bf8 21. Bg5 Bg7 22. Qf2 Re6 23. Qh4 Qd5 24. Re2 Rxe5 25. dxe5 Qxd3 26. Rd2 Qxc3 27. exf6 Bf8 28. Rfd1 Qc5+ 29. Kh1 Qc6 30. Qh3 h5 31. Qd7 Qe4 32. Qd4 Qc6 33. Re2 Qb5 34. Qe5 Qc6 35. Rc1 Qa4 36. Rc7 Bb4 37. Rc1 Rd8 38. Rg1 Bc6 39. h4 0-1

[Event "Winnipeg TNT October op"]
[Site "Winnipeg"]
[Date "2007.10.16"]
[Round "3"]
[White "Van Wyk, Joseph"]
[Black "Rutter, Blair A"]
[Result "1-0"]
[WhiteElo "1995"]
[BlackElo "1900"]
[PlyCount "53"]
[EventDate "2007.10.02"]
[EventType "swiss"]
[EventRounds "5"]
[EventCountry "CAN"]
[SourceTitle "EXT 2022"]
[Source "ChessBase"]
[SourceDate "2021.10.06"]
[SourceVersion "1"]
[SourceVersionDate "2021.10.06"]
[SourceQuality "1"]

1. e4 e6 2. c4 d5 3. cxd5 exd5 4. exd5 Nf6 5. Nc3 Nxd5 6. Bc4 Nxc3 7. bxc3 Bf5 8. Qb3 Qe7+ 9. Ne2 c6 10. a4 Qc7 11. Ng3 Bg6 12. 0-0 Be7 13. f4 f5 14. Re1 Nd7 15. Ba3 c5 16. Re3 Kd8 17. Rae1 Bd6 18. Bf7 Nf6 19. Be6 b6 20. Bxf5 Bxf4 21. Rd3+ Bd6 22. Qe6 Ne8 23. Bxg6 hxg6 24. Ne4 Qd7 25. Nxd6 Qxe6 26. Rxe6 Nxd6 27. Rdxd6+ 1-0

[Event "Winnipeg TNT October op"]
[Site "Winnipeg"]
[Date "2007.10.09"]
[Round "2"]
[White "Liu, Weixi"]
[Black "Van Wyk, Joseph"]
[Result "1/2-1/2"]
[WhiteElo "1919"]
[BlackElo "1995"]
[PlyCount "59"]
[EventDate "2007.10.02"]
[EventType "swiss"]
[EventRounds "5"]
[EventCountry "CAN"]
[SourceTitle "EXT 2022"]
[Source "ChessBase"]
[SourceDate "2021.10.06"]
[SourceVersion "1"]
[SourceVersionDate "2021.10.06"]
[SourceQuality "1"]

1. d4 d5 2. c4 e6 3. Nc3 c5 4. cxd5 cxd4 5. dxe6 Bxe6 6. Ne4 Nc6 7. Nf3 Nf6 8. Nxf6+ Qxf6 9. g3 Bc5 10. Bg2 Rc8 11. 0-0 0-0 12. a3 Rfe8 13. b4 Bb6 14. Bg5 Qf5 15. Rc1 a5 16. bxa5 Qxa5 17. Rb1 Bc4 18. Re1 Qa7 19. Nd2 Na5 20. Nxc4 Nxc4 21. Qd3 Qa5 22. Bf4 g5 23. Bxb7 gxf4 24. Bxc8 Rxc8 25. Rec1 Nd6 26. Rxc8+ Nxc8 27. Qf3 Qf5 28. Rc1 Ne7 29. Qb7 Nd5 30. Qc8+ 1/2-1/2

[Event "Winnipeg Yanofsky Memorial"]
[Site "Winnipeg"]
[Date "2007.08.31"]
[Round "1"]
[White "Van Wyk, Joseph"]
[Black "Babb, Jeff"]
[Result "1-0"]
[WhiteElo "1913"]
[BlackElo "2167"]
[PlyCount "111"]
[EventDate "2007.08.31"]
[EventType "swiss"]
[EventRounds "5"]
[EventCountry "CAN"]
[SourceTitle "EXT 2022"]
[Source "ChessBase"]
[SourceDate "2021.10.06"]
[SourceVersion "1"]
[SourceVersionDate "2021.10.06"]
[SourceQuality "1"]

1. e4 e5 2. Nf3 Nc6 3. d4 exd4 4. c3 dxc3 5. Nxc3 d6 6. Bc4 Be6 7. Bxe6 fxe6 8. Qb3 Qc8 9. Ng5 Nd8 10. f4 h6 11. Nf3 Ne7 12. 0-0 a6 13. Be3 Ndc6 14. Nh4 g5 15. fxg5 hxg5 16. Bxg5 Bg7 17. Ne2 Qd7 18. Nf4 Bd4+ 19. Kh1 0-0-0 20. Nxe6 Rdg8 21. Nf5 Nxf5 22. exf5 Be5 23. Bf4 Rg4 24. Bxe5 Nxe5 25. Rac1 c6 26. Rc3 Rhg8 27. g3 b5 28. Qc2 Kb7 29. Rf4 Rxf4 30. Nxf4 Rf8 31. Ne6 Rf6 32. Qe4 Kb6 33. g4 Rxe6 34. fxe6 Qe7 35. Qf5 c5 36. Rh3 Qb7+ 37. Kg1 Qd5 38. e7 Qd1+ 39. Qf1 Qd4+ 40. Qf2 Qd1+ 41. Kg2 Qxg4+ 42. Rg3 Qe4+ 43. Kg1 Ng6 44. Re3 Qg4+ 45. Kh1 Qd1+ 46. Re1 Qd5+ 47. Qg2 Nxe7 48. Qxd5 Nxd5 49. h4 Nf4 50. Rf1 Nh5 51. Kg2 Kc6 52. Rf5 Ng7 53. Rf7 Ne6 54. h5 Kd5 55. h6 Ke4 56. Re7 1-0

[Event "Winnipeg TNT Aug op"]
[Site "Winnipeg"]
[Date "2007.08.28"]
[Round "4"]
[White "Van Wyk, Joseph"]
[Black "Lauritson, Jim"]
[Result "1-0"]
[WhiteElo "1933"]
[BlackElo "1934"]
[PlyCount "57"]
[EventDate "2007.08.07"]
[EventType "swiss"]
[EventRounds "4"]
[EventCountry "CAN"]
[SourceTitle "EXT 2019"]
[Source "ChessBase"]
[SourceDate "2018.10.10"]
[SourceVersion "1"]
[SourceVersionDate "2018.10.10"]
[SourceQuality "1"]

1. e4 c5 2. c3 Nf6 3. e5 Nd5 4. d4 cxd4 5. cxd4 Nc6 6. Nc3 Nxc3 7. bxc3 d6 8. f4 e6 9. Nf3 Be7 10. Bd3 Bd7 11. 0-0 Rc8 12. Bd2 Na5 13. Rb1 b6 14. exd6 Bxd6 15. f5 Nc4 16. Bxc4 Rxc4 17. Qe2 Rc8 18. Ng5 e5 19. dxe5 Bc5+ 20. Kh1 Bc6 21. e6 Qd5 22. exf7+ Kf8 23. f6 g6 24. c4 Qd7 25. Rbd1 Ba4 26. Rde1 Bd6 27. Ne6+ Kxf7 28. Ng5+ Kf8 29. f7 1-0

[Event "Winnipeg TNT July op"]
[Site "Winnipeg"]
[Date "2007.07.10"]
[Round "2"]
[White "Van Wyk, Joseph"]
[Black "Zhou, Lu"]
[Result "1/2-1/2"]
[WhiteElo "1905"]
[BlackElo "1849"]
[PlyCount "48"]
[EventDate "2007.07.03"]
[EventType "swiss"]
[EventRounds "5"]
[EventCountry "CAN"]
[SourceTitle "EXT 2019"]
[Source "ChessBase"]
[SourceDate "2018.10.10"]
[SourceVersion "1"]
[SourceVersionDate "2018.10.10"]
[SourceQuality "1"]

1. e4 e6 2. c4 c5 3. Nc3 Nc6 4. Nge2 Nf6 5. d4 cxd4 6. Nxd4 Bb4 7. Nxc6 Bxc3+ 8. bxc3 bxc6 9. Bd3 Qa5 10. Bd2 Ba6 11. Qe2 e5 12. 0-0 0-0 13. Kh1 Rfe8 14. g4 d6 15. Rg1 Nd7 16. Rg3 Nc5 17. Bc2 d5 18. exd5 cxd5 19. g5 g6 20. Rh3 dxc4 21. Rxh7 Kxh7 22. Qh5+ Kg8 23. Bxg6 fxg6 24. Qxg6+ Kh8 1/2-1/2

[Event "Winnipeg TNT April op"]
[Site "Winnipeg"]
[Date "2007.04.10"]
[Round "2"]
[White "Van Wyk, Joseph"]
[Black "Podmoroff, Yuri"]
[Result "1-0"]
[WhiteElo "1920"]
[BlackElo "1563"]
[PlyCount "61"]
[EventDate "2007.04.03"]
[EventType "swiss"]
[EventRounds "4"]
[EventCountry "CAN"]
[SourceTitle "EXT 2019"]
[Source "ChessBase"]
[SourceDate "2018.10.10"]
[SourceVersion "1"]
[SourceVersionDate "2018.10.10"]
[SourceQuality "1"]

1. e4 e5 2. Nf3 Nc6 3. d4 exd4 4. c3 dxc3 5. Nxc3 Bb4 6. Bc4 h6 7. 0-0 Bxc3 8. bxc3 Nge7 9. Ba3 0-0 10. e5 b6 11. Qd2 Na5 12. Bb5 a6 13. Bd3 Bb7 14. Nh4 c5 15. f4 d6 16. exd6 Qxd6 17. Bh7+ Kxh7 18. Qxd6 Nd5 19. Qd7 Nxc3 20. Qd3+ Kg8 21. Qxc3 Rfe8 22. Nf5 f6 23. Nd6 Re7 24. Bxc5 Rc7 25. Nxb7 Nxb7 26. Qb3+ Kh8 27. Bxb6 Re7 28. Rfe1 Rd7 29. Qe6 Rd6 30. Qe4 Rxb6 31. Rab1 1-0

[Event "Winnipeg TNT February op"]
[Site "Winnipeg"]
[Date "2007.02.06"]
[Round "1"]
[White "Goodman, Clifford"]
[Black "Van Wyk, Joseph"]
[Result "1-0"]
[WhiteElo "1458"]
[BlackElo "1921"]
[PlyCount "69"]
[EventDate "2007.02.06"]
[EventType "swiss"]
[EventRounds "4"]
[EventCountry "CAN"]
[SourceTitle "EXT 2019"]
[Source "ChessBase"]
[SourceDate "2018.10.10"]
[SourceVersion "1"]
[SourceVersionDate "2018.10.10"]
[SourceQuality "1"]

1. e4 c6 2. d4 d5 3. Nc3 dxe4 4. Nxe4 Bf5 5. Ng3 Bg6 6. Nf3 Nd7 7. h4 h6 8. Bd3 Bxd3 9. Qxd3 e6 10. Bf4 Ngf6 11. c4 Bb4+ 12. Bd2 Bxd2+ 13. Qxd2 0-0 14. 0-0 b5 15. cxb5 cxb5 16. Qb4 Qb6 17. Ne5 Nxe5 18. dxe5 Nd5 19. Qg4 f5 20. exf6 Rxf6 21. Nh5 Rf7 22. Rae1 Re8 23. Qg6 e5 24. Qxb6 Nxb6 25. Re2 Nc4 26. Rfe1 Rf5 27. Ng3 Rf4 28. b3 Nd6 29. Rxe5 Ref8 30. f3 Rxh4 31. Rd1 Rf6 32. Red5 Nf7 33. Rxb5 Rg6 34. Nf5 Rg5 35. Rb8+ 1-0

[Event "Winnipeg TNT January op"]
[Site "Winnipeg"]
[Date "2007.01.09"]
[Round "1"]
[White "Wiebe, Daniel"]
[Black "Van Wyk, Joseph"]
[Result "0-1"]
[WhiteElo "1581"]
[BlackElo "1921"]
[PlyCount "86"]
[EventDate "2007.01.09"]
[EventType "swiss"]
[EventRounds "4"]
[EventCountry "CAN"]
[SourceTitle "EXT 2008"]
[Source "ChessBase"]
[SourceDate "2007.11.25"]
[SourceVersion "1"]
[SourceVersionDate "2007.11.25"]
[SourceQuality "1"]

1. e4 c6 2. d4 d5 3. Nc3 dxe4 4. Nxe4 Bf5 5. Ng3 Bg6 6. Nf3 Nd7 7. Bf4 e6 8. Bd3 Bxd3 9. Qxd3 Ngf6 10. Ne4 Nxe4 11. Qxe4 Nf6 12. Qe5 Nd5 13. 0-0 Nxf4 14. Qxf4 Bd6 15. Qg5 Qxg5 16. Nxg5 Be7 17. Nf3 Rd8 18. Rfe1 g5 19. Rad1 h5 20. Re3 g4 21. Ne5 Bg5 22. Rb3 Bf4 23. Nc4 b6 24. g3 Bb8 25. Rdd3 h4 26. Nxb6 axb6 27. Rxb6 hxg3 28. fxg3 Ba7 29. Rxc6 Rxd4 30. Rxd4 Bxd4+ 31. Kg2 Bxb2 32. Rc8+ Ke7 33. Rxh8 Bxh8 34. h4 gxh3+ 35. Kxh3 Kd6 36. g4 Kc5 37. Kg3 Kd4 38. Kf3 Kc3 39. a4 Kxc2 40. a5 Kd3 41. a6 Bd4 42. g5 e5 43. Kg2 e4 0-1

[Event "Winnipeg TNT September op"]
[Site "Winnipeg"]
[Date "2006.09.05"]
[Round "1"]
[White "Essery, Richard"]
[Black "Van Wyk, Joseph"]
[Result "0-1"]
[WhiteElo "1544"]
[BlackElo "1813"]
[PlyCount "60"]
[EventDate "2006.09.26"]
[EventType "swiss"]
[EventRounds "4"]
[EventCountry "CAN"]
[SourceTitle "EXT 2019"]
[Source "ChessBase"]
[SourceDate "2018.10.10"]
[SourceVersion "1"]
[SourceVersionDate "2018.10.10"]
[SourceQuality "1"]

1. d4 d5 2. Nf3 Nf6 3. Bf4 c5 4. e3 Nc6 5. c3 Bf5 6. Bd3 Bxd3 7. Qxd3 Qb6 8. b3 c4 9. Qc2 Na5 10. Nbd2 cxb3 11. axb3 Rc8 12. Qa2 Rxc3 13. 0-0 Nc6 14. Qb2 Rd3 15. Ne1 Rxd2 16. Qxd2 Qxb3 17. Nf3 Ne4 18. Qa2 Qxa2 19. Rxa2 f6 20. h4 e6 21. Rb2 Bb4 22. Rc1 a5 23. Bc7 Ba3 24. Rxc6 Bxb2 25. Rb6 Bc3 26. Rxb7 0-0 27. Rb3 Ra8 28. Kf1 a4 29. Ra3 Bb2 30. Ra2 a3 0-1

[Event "Winnipeg TNT Aug op"]
[Site "Winnipeg"]
[Date "2006.08.22"]
[Round "4"]
[White "Van Wyk, Joseph"]
[Black "Repa, Jason"]
[Result "0-1"]
[WhiteElo "1813"]
[BlackElo "1956"]
[PlyCount "59"]
[EventDate "2006.08.01"]
[EventType "swiss"]
[EventRounds "4"]
[EventCountry "CAN"]
[SourceTitle "EXT 2007"]
[Source "ChessBase"]
[SourceDate "2006.11.23"]
[SourceVersion "1"]
[SourceVersionDate "2006.11.23"]
[SourceQuality "1"]

1. c4 e6 2. g3 f5 3. Bg2 Nf6 4. Nf3 d5 5. Qc2 c6 6. b3 Be7 7. Bb2 0-0 8. 0-0 Qe8 9. Na3 Qh5 10. Rac1 Nbd7 11. Nd4 Qf7 12. cxd5 Nxd5 13. Nc4 e5 14. Nf3 e4 15. Nfe5 Qh5 16. d3 Nb4 17. Qd2 Nxa2 18. Ra1 Nb4 19. dxe4 Nxe5 20. Nxe5 fxe4 21. Bxe4 Bh3 22. Rfd1 Rad8 23. Qe3 Rde8 24. Bf3 Qf5 25. Qxa7 Bf6 26. Nc4 Bxb2 27. Nxb2 Qc2 28. Qa3 Rxf3 29. exf3 Qc3 30. Nc4 0-1

[Event "Winnipeg TNT July op"]
[Site "Winnipeg"]
[Date "2006.07.18"]
[Round "3"]
[White "Van Wyk, Joseph"]
[Black "Lafreniere, Adrian"]
[Result "0-1"]
[WhiteElo "1830"]
[BlackElo "1842"]
[PlyCount "66"]
[EventDate "2006.07.04"]
[EventType "swiss"]
[EventRounds "4"]
[EventCountry "CAN"]
[SourceTitle "EXT 2007"]
[Source "ChessBase"]
[SourceDate "2006.11.23"]
[SourceVersion "1"]
[SourceVersionDate "2006.11.23"]
[SourceQuality "1"]

1. e4 c6 2. c4 d5 3. cxd5 cxd5 4. exd5 Qxd5 5. Nf3 Bf5 6. Nc3 Qe6+ 7. Be2 Nc6 8. d4 Nb8 9. Bf4 a6 10. d5 Qb6 11. 0-0 Nf6 12. Nd4 Bc8 13. Rc1 Nbd7 14. Na4 Qa5 15. Qc2 Nb6 16. Nxb6 Qxb6 17. Rfd1 g6 18. Bc7 Qa7 19. Ba5 Bg7 20. Bb5+ axb5 21. Qxc8+ Rxc8 22. Rxc8+ Kd7 23. Rc7+ Ke8 24. Nc6 Qa8 25. Rxe7+ Kf8 26. Bb4 Kg8 27. d6 Bf8 28. Bc3 Bxe7 29. dxe7 Kg7 30. Nb4 Rc8 31. Nd5 Rxc3 32. bxc3 Nxd5 33. Rxd5 Qxa2 0-1

[Event "Winnipeg TNT June op"]
[Site "Winnipeg"]
[Date "2006.06.20"]
[Round "3"]
[White "Lauritson, Jim"]
[Black "Van Wyk, Joseph"]
[Result "1-0"]
[WhiteElo "1875"]
[BlackElo "1882"]
[PlyCount "67"]
[EventDate "2006.06.06"]
[EventType "swiss"]
[EventRounds "4"]
[EventCountry "CAN"]
[SourceTitle "EXT 2007"]
[Source "ChessBase"]
[SourceDate "2006.11.23"]
[SourceVersion "1"]
[SourceVersionDate "2006.11.23"]
[SourceQuality "1"]

1. d4 d5 2. c4 e6 3. Nc3 c5 4. cxd5 cxd4 5. Qa4+ Bd7 6. Qxd4 exd5 7. Qxd5 Nc6 8. Nf3 Nf6 9. Qd1 Bc5 10. e3 Qc7 11. Be2 0-0-0 12. 0-0 g5 13. b4 Bxb4 14. Bb2 Rhg8 15. Nd4 Nxd4 16. exd4 g4 17. Rc1 Kb8 18. Re1 Qd6 19. Qb3 Bc6 20. Bb5 Bxc3 21. Bxc6 Qxc6 22. Bxc3 Qd5 23. Re7 Qxb3 24. axb3 Rd7 25. Rxd7 Nxd7 26. Bd2 Re8 27. Bf4+ Ka8 28. d5 Nc5 29. d6 b6 30. b4 Ne6 31. Bg3 Kb7 32. Kf1 Rc8 33. Rd1 Rd8 34. Rd5 1-0

[Event "Albert Boxer Classic op"]
[Site "Winnipeg"]
[Date "2006.05.28"]
[Round "5"]
[White "Van Wyk, Joseph"]
[Black "Zaczek, Jonathon"]
[Result "0-1"]
[WhiteElo "1882"]
[BlackElo "2067"]
[PlyCount "38"]
[EventDate "2006.05.26"]
[EventType "swiss"]
[EventRounds "5"]
[EventCountry "CAN"]
[SourceTitle "EXT 2007"]
[Source "ChessBase"]
[SourceDate "2006.11.23"]
[SourceVersion "1"]
[SourceVersionDate "2006.11.23"]
[SourceQuality "1"]

1. e4 c5 2. c3 Nf6 3. e5 Nd5 4. d4 cxd4 5. cxd4 Nc6 6. Nc3 Nxc3 7. bxc3 d6 8. f4 e6 9. Nf3 Be7 10. Bd3 Bd7 11. 0-0 Rc8 12. Qe1 Qc7 13. Ba3 dxe5 14. Bxe7 Nxe7 15. fxe5 Qxc3 16. Qe2 Nc6 17. Rac1 Nxd4 18. Qe3 Nxf3+ 19. Qxf3 Qd4+ 0-1

[Event "Yanofsky Memorial op"]
[Site "Winnipeg"]
[Date "2005.09.04"]
[Round "3"]
[White "Haynes, Nicolas"]
[Black "Van Wyk, Joseph"]
[Result "0-1"]
[WhiteElo "2042"]
[BlackElo "1885"]
[PlyCount "100"]
[EventDate "2005.09.03"]
[EventType "swiss"]
[EventRounds "6"]
[EventCountry "CAN"]
[SourceTitle "CBM 108 Extra"]
[Source "ChessBase"]
[SourceDate "2005.11.04"]
[SourceVersion "1"]
[SourceVersionDate "2005.11.04"]
[SourceQuality "1"]

1. c4 c5 2. Nc3 e6 3. Nf3 Nf6 4. g3 Nc6 5. Bg2 d5 6. cxd5 exd5 7. d4 Be6 8. 0-0 c4 9. Ne5 Qb6 10. Nxc6 bxc6 11. h3 g6 12. f4 Rd8 13. e3 Nd7 14. g4 f5 15. Rb1 Bg7 16. b4 cxb3 17. Rxb3 Qc7 18. Ba3 Kf7 19. gxf5 Bxf5 20. Nxd5 cxd5 21. Bxd5+ Ke8 22. Qf3 Nb6 23. Rc1 Qb8 24. Bc5 Rc8 25. a4 Qc7 26. a5 Nxd5 27. Qxd5 Qc6 28. Qxc6+ Rxc6 29. Rb7 Bf6 30. Rxa7 Bxh3 31. Rb1 Bd8 32. Bb6 Bf5 33. Rb5 Rc1+ 34. Kf2 Rc2+ 35. Ke1 Bh4+ 36. Kd1 Rc8 37. Re5+ Kf8 38. Bc5+ Kg8 39. a6 Bf6 40. Rd5 h5 41. Rd6 Bd8 42. Rb7 Rh7 43. Rxh7 Kxh7 44. a7 h4 45. Ke2 Be4 46. Rd7+ Kh6 47. Kf2 Kh5 48. Kg1 Ba5 49. Kh2 Kg4 50. Re7 Kf3 0-1